Bacteriología y virología veterinarias / (Record no. 102407)

MARC details
000 -LEADER
campo de control de longitud fija 00672nam a2200181 i 4500
001 - NÚMERO DE CONTROL
campo de control 102407
003 - IDENTIFICADOR DE NÚMERO DE CONTROL
campo de control ES-MaACL
005 - FECHA Y HORA DE LA ÚLTIMA TRANSACCIÓN
campo de control 20230906183114.0
007 - CAMPO FIJO DE DESCRIPCIÓN FÍSICA--INFORMACIÓN GENERAL
campo de control de longitud fija t|
008 - DATOS DE LONGITUD FIJA--INFORMACIÓN GENERAL
campo de control de longitud fija 051110s1958 sp ||||1| spa d
100 1# - ENTRADA PRINCIPAL--NOMBRE DE PERSONA
Nombre de persona Merchant, Ival Arthur.
9 (RLIN) 80459
245 10 - MENCIÓN DEL TÍTULO
Título Bacteriología y virología veterinarias /
Mención de responsabilidad, etc. Profesor I. A. Merchant... , Raymond Allen... ; versión española de la 5ª edición norteamericana por el Dr. Miguel Cordero del Campillo.
260 ## - PUBLICACIÓN, DISTRIBUCIÓN, ETC.
Lugar de publicación, distribución, etc. Zaragoza :
Nombre del editor, distribuidor, etc. Acribia,
Fecha de publicación, distribución, etc. 1958.
300 ## - DESCRIPCIÓN FÍSICA
Extensión VIII, 1034 p. ;
Dimensiones 22 cm.
700 1# - ENTRADA AGREGADA--NOMBRE PERSONAL
Nombre de persona Packer, Raymond Allen.
9 (RLIN) 88156
700 1# - ENTRADA AGREGADA--NOMBRE PERSONAL
Nombre de persona Cordero del Campillo, Miguel.
9 (RLIN) 40521
852 ## - LOCALIZACIÓN
Ubicación ES-MaACL
Número de control de estantería C-14687
Sublocalización o colección R.42558
Holdings
Estatus retirado Estado de pérdida Estado de daño No para préstamo Biblioteca de origen Biblioteca actual Ubicación en estantería Fecha de adquisición Fuente de adquisición Total de préstamos Signatura topográfica completa Código de barras Visto por última vez Precio de reemplazo Tipo de ítem Koha
        Biblioteca del Ateneo de Madrid Biblioteca del Ateneo de Madrid Ficheros 17/01/2008     C-14687 1106901 23/02/2023 23/02/2023 Libro impreso